<?xml version="1.0" encoding="UTF-8"?>
<collection xmlns="http://www.loc.gov/MARC21/slim">
    <record>
        <controlfield tag="001">16161</controlfield>
        <controlfield tag="005">20170831220608.0</controlfield>
        <datafield tag="037" ind1=" " ind2=" ">
            <subfield code="a">TAZ-TFM-2014-528</subfield>
        </datafield>
        <datafield tag="041" ind1=" " ind2=" ">
            <subfield code="a">spa</subfield>
        </datafield>
        <datafield tag="100" ind1="1" ind2=" ">
            <subfield code="a">Alamán Valtierra, Manuel</subfield>
        </datafield>
        <datafield tag="245" ind1="0" ind2="0">
            <subfield code="a">Prevalencia de infección por Bartonella henselae en saliva de gatos de colonia en Zaragoza</subfield>
        </datafield>
        <datafield tag="260" ind1=" " ind2=" ">
            <subfield code="a">Zaragoza</subfield>
            <subfield code="b">Universidad de Zaragoza</subfield>
            <subfield code="c">2014</subfield>
        </datafield>
        <datafield tag="506" ind1=" " ind2=" ">
            <subfield code="a">by-nc-sa</subfield>
            <subfield code="b">Creative Commons</subfield>
            <subfield code="c">3.0</subfield>
            <subfield code="u">http://creativecommons.org/licenses/by-nc-sa/3.0/</subfield>
        </datafield>
        <datafield tag="500" ind1=" " ind2=" ">
            <subfield code="a">Con la Colaboración de Alquiz Vetek</subfield>
        </datafield>
        <datafield tag="520" ind1=" " ind2=" ">
            <subfield code="a">La infección por Bartonella spp. da lugar a una variada y amplia gama de condiciones clínicas que afectan a seres humanos y numerosos animales. Una parte importante de estas infecciones son zoonóticas, como la producida por B. henselae (la más importante por su incidencia), responsable de la Enfermedad del Arañazo del Gato o la Angiomatosis bacilar. Se ha demostrado que algunos animales de compañía como ciertos animales salvajes pueden actuar como reservorios de varias de las especies zoonóticas. Algunos artrópodos como las pulgas juegan un importante papel en la transmisión. El gato parece ser el principal reservorio de B. henselae (entre otras especies de Bartonella). La transmisión más probable ocurre por arañazos y mordedura de gatos infectados, aunque el modo en el que esta ocurre no está bien definido. Tanto la presencia de heces de pulgas contaminando las garras y la mucosa bucal del gato, como la posible presencia de sangre infectada en lesiones de estas zonas, se ha contemplado como origen de la transmisión. Este estudio preliminar pretende conocer la prevalencia de ADN de Bartonella henselae en muestras de mucosa oral de gatos de colonias callejeras y del Centro de Protección Animal de Zaragoza.</subfield>
        </datafield>
        <datafield tag="521" ind1=" " ind2=" ">
            <subfield code="a">Máster Universitario en Iniciación a la Investigación en Ciencias Veterinarias</subfield>
        </datafield>
        <datafield tag="540" ind1=" " ind2=" ">
            <subfield code="a">Derechos regulados por licencia Creative Commons</subfield>
        </datafield>
        <datafield tag="653" ind1="1" ind2=" ">
            <subfield code="a">bartonella henselae</subfield>
        </datafield>
        <datafield tag="653" ind1="1" ind2=" ">
            <subfield code="a">zoonosis</subfield>
        </datafield>
        <datafield tag="653" ind1="1" ind2=" ">
            <subfield code="a">muestra oral</subfield>
        </datafield>
        <datafield tag="653" ind1="1" ind2=" ">
            <subfield code="a">qpcr</subfield>
        </datafield>
        <datafield tag="653" ind1="1" ind2=" ">
            <subfield code="a">prevalencia</subfield>
        </datafield>
        <datafield tag="700" ind1=" " ind2=" ">
            <subfield code="a">Simón Valencia, María Carmen</subfield>
            <subfield code="e">dir.</subfield>
        </datafield>
        <datafield tag="700" ind1=" " ind2=" ">
            <subfield code="a">Unzueta Galarza, Amaya</subfield>
            <subfield code="e">dir.</subfield>
        </datafield>
        <datafield tag="710" ind1="2" ind2=" ">
            <subfield code="a">Universidad de Zaragoza</subfield>
            <subfield code="b">Patología Animal</subfield>
            <subfield code="c">Sanidad Animal</subfield>
        </datafield>
        <datafield tag="856" ind1="0" ind2=" ">
            <subfield code="f">561254@celes.unizar.es</subfield>
        </datafield>
        <datafield tag="856" ind1="4" ind2=" ">
            <subfield code="s">315114</subfield>
            <subfield code="u">http://zaguan.unizar.es/record/16161/files/TAZ-TFM-2014-528_ANE.pdf</subfield>
            <subfield code="y">Anexos (spa)</subfield>
        </datafield>
        <datafield tag="856" ind1="4" ind2=" ">
            <subfield code="s">655746</subfield>
            <subfield code="u">http://zaguan.unizar.es/record/16161/files/TAZ-TFM-2014-528.pdf</subfield>
            <subfield code="y">Memoria (spa)</subfield>
        </datafield>
        <datafield tag="909" ind1="C" ind2="O">
            <subfield code="o">oai:zaguan.unizar.es:16161</subfield>
            <subfield code="p">driver</subfield>
            <subfield code="p">trabajos-fin-master</subfield>
        </datafield>
        <datafield tag="950" ind1=" " ind2=" ">
            <subfield code="a"></subfield>
        </datafield>
        <datafield tag="980" ind1=" " ind2=" ">
            <subfield code="a">TAZ</subfield>
            <subfield code="b">TFM</subfield>
            <subfield code="c">VET</subfield>
        </datafield>
    </record>

    
</collection>